000 01627cam a22004574i 4500
003 PE-LiUPU
005 20250731173452.0
008 150616s1992 miu r 000 0 eng d
020 _a0825423333
035 _a(Sirsi) i9780825423338
040 _aPE-LiUPU
_bspa
_cPE-LiUPU
_erda
049 _aPRUA
082 0 4 _a227.94077
_bC23
_221
100 1 _aCandlish, Robert S.,
_eautor.
245 1 0 _aCommentary On 1 John /
_cRobert S. Candlish.
264 1 _aMichigan :
_bKregel Publications,
_c1992.
300 _a444 páginas ;
_c20 centímetros
336 _atext
_2rdacontent
337 _aunmediated
_2rdamedia
338 _avolume
_2rdacarrier
505 0 _aDLivnive fellowship-Primary condition-llight -- Divine fellowship-Intermediate condition-Righteousness -- Divine fellowship-Ultimate condition-love -- Divine fellowship-overcoming the world.
526 _aSEG42
526 _aSEG41
526 _aSEG40
526 _aSEG39
526 _aP94
526 _aP87
526 _aP86
526 _aP85
526 _aP77
526 _aP76
526 _aP35
630 _aBiblia.
_pN.T.
_pJuan
_xComentarios.
910 _ajck
_bjvq
_cjck
942 _2ddc
_cBOOK
949 _a227.94077 C23
_wDEWEY
_c1
_i39871
_lCCODEBUL1
_mBUL
_r0
_sY
_tBOOK
_u2015-6-16
_xTEOLOGIA
_zUNKNOWN
_0COMPRA
_o.STAFF. Colección Teología
994 _aC0
_bPEPRU
596 _a1
999 _a227.94077 C23
_wDEWEY
_c57645
_i39871
_d57645
_f2021-11-9
_g5
_lCCODEBUL1
_mBUL
_p20.00
_q2
_r0
_sY
_tBOOK
_u2015-6-16
_xTEOLOGIA
_PP35
_0COMPRA
_o.STAFF. Colección Teología
980 _81
_gALBERTO SANCHEZ Responsable de Automatización